000 00716nas a2200241 4500
001 BR0810575
003 BR-BrBNA
005 20231205112946.0
007 ta
008 230509b bl.|||p| |||| 00| 00por d
040 _aBR-BrBNA
_bpor
_cBiblioteca Nacional de Agricultura
041 _a(Pt)
072 _aF01; F30
100 1 _aCâmara, T.M.M.
245 1 _aRendimento de grãos verdes e secos de cultivares de milho
650 _aMILHO VERDE
650 _aMILHO HÍBRIDO
650 _aRENDIMENTO
650 _aVARIEDADE RESISTENTE
773 0 _tRevista Ceres (Brazil)
_xISSN 0034-737X
_g(Jan-Feb 2007), v. 54(311) p. 87-92
_wBR0810575
909 _a202311
_bLúcia
_c55
_dLúcia Elande
942 _2AGRIS
_n0
_cANA
999 _c201023
_d201023